000 01119nam a2200313 i 4500
003 EG-GICUC
005 20260121101533.0
008 251223b1975 ua ||||f |||| 00| 0 ara d
040 _a EG-GICUC
_bara
_c EG-GICUC
_d EG-GICUC
_erda
041 0 _aara
082 0 4 _221
_a345.4516
_bم ح . م
092 0 4 _221
099 _aLaw1 07 345.4516 م ح . م 1975
100 1 _aمحمود منصور
_eمؤلف.
245 1 0 _aمجموعة قوانين الرسوب والاصلاح الوظيفي /
_cمجمود منصور
264 4 _aالقاهرة :
_bدار النهضة العربية،
_c1975.
300 _a195 صفحة :
_c24 سم.
_bجداول ؛
336 _2rda content
_atext
337 _2rda media
_aComputer
338 _2rda carrier
_aOnline Resource
546 _aالنص باللغة العربية
650 1 7 _aالقانون الإداري
_2qrmak
650 1 7 _aالموظفون والمستخدمون
_2qrmak
650 1 7 _aالإصلاح الإداري
_2qrmak
651 1 _2qrmak
856 4 0 _uhttps://fll.law.cu.edu.eg/fulltext/bks/B07-01570.pdf
905 _a73
942 _2ddc
_n0
_cBK
_e21
999 _c52207
_d52207